Types de choses #3 - Statistiques

Statistiques générales
  • Ce quiz a été pris 102 879 fois
  • Le résultat moyen est 13 sur 20
Statistiques - réponses
Ceci sont des types de... ...cela % Correct
Majeur, Pouce, Index Doigt
100%
Lisse, Crépu, Bouclé Cheveu
98%
Brasse, Papillon, Crawl Nage
98%
Plate, Salée, Gazeuse Eau
93%
O, A, AB Groupe sanguin
93%
Margherita, Calzone, Quatre saisons Pizza
93%
Break, Coupé, Berline Automobile
92%
Obtus, Droit, Aigu Angle
89%
Bleue, à Bosse, Boréale Baleine
81%
Nigiri, Oshi, Maki Sushi
80%
Quadrille, Bachata, Quickstep Danse
75%
Péplum, Noir, Western Film
56%
Métamorphique, Sédimentaire, Magmatique Roche
53%
Frisé, Kale, Romanesco Chou
49%
Feuilleté, Trempé, Dépoli Verre
32%
Basculant, Bow-string, Suspendu Pont
27%
Black, Nu, Death Métal
24%
Blanc, Malais, Brun Ours
21%
Mirmillon, Rétiaire, Thrace Gladiateur
14%
Blanc, Auguste, Contre-Pitre Clown
11%
Aucun quiz correspondant
Distribution des résultats
% des personnes avec chaque résultat
Percentile par nombre de réponses
Votre historique - résultats
Vous n’avez pas pris ce quiz